Boss de The Legend of Zelda: Phantom Hourglass par images - Statistiques

Statistiques générales
  • Ce quiz a été pris 3 fois
  • Le résultat moyen est 9 sur 10
Statistiques - réponses
Par images Réponse % Correct
Bellum
100%
Braziard
100%
Crustère
100%
Griock
100%
Navire Fantôme
100%
Poulpatine
100%
Quatre Sœurs Cubus
100%
Stégoronsaure
100%
Linebeck possédé par Bellum
50%
Gohiss
0%
Aucun quiz correspondant
Distribution des résultats
% des personnes avec chaque résultat
Percentile par nombre de réponses
Votre historique - résultats
Vous n’avez pas pris ce quiz